[Event "Oberliga Wuerttemberg 1011"]
[Site "Wuerttemberg"]
[Date "2011.01.23"]
[Round "5"]
[White "Schulze, Andreas"]
[Black "Funke, Detlev"]
[Result "1-0"]
[WhiteElo "2226"]
[BlackElo "2184"]
[PlyCount "53"]
[EventDate "2010.09.26"]
[EventType "team-tourn"]
[EventRounds "9"]
[EventCountry "GER"]
[SourceTitle "EXT 2019"]
[Source "ChessBase"]
[SourceDate "2018.10.10"]
[SourceVersion "1"]
[SourceVersionDate "2018.10.10"]
[SourceQuality "1"]
[WhiteTeam "Ulm Post"]
[BlackTeam "Tuebingen"]
[WhiteTeamCountry "GER"]
[BlackTeamCountry "GER"]

1. e4 d6 2. d4 Nf6 3. Nc3 g6 4. f3 c6 5. Be3 Nbd7 6. Qd2 b5 7. Bd3 Qc7 8. Nge2 a6 9. a4 b4 10. Nd1 a5 11. c3 Rb8 12. cxb4 Rxb4 13. Qc2 Rb8 14. Rc1 Bb7 15. Bd2 Qd8 16. Ne3 Bh6 17. Nc4 Bxd2+ 18. Qxd2 Ra8 19. Qh6 Qb8 20. 0-0 Ba6 21. Rfd1 Bxc4 22. Rxc4 Qb6 23. Kh1 Rc8 24. h3 Qb3 25. Rd2 Nb6 26. Nc1 Nxc4 27. Nxb3 1-0

[Event "Oberliga Wuerttemberg 0910"]
[Site "Wuerttemberg"]
[Date "2010.01.10"]
[Round "5.3"]
[White "Schulze, Andreas"]
[Black "Gergacz, Attila"]
[Result "0-1"]
[WhiteElo "2186"]
[BlackElo "2388"]
[PlyCount "128"]
[EventDate "2009.10.11"]
[EventType "team-tourn"]
[EventRounds "9"]
[EventCountry "GER"]
[SourceTitle "EXT 2019"]
[Source "ChessBase"]
[SourceDate "2018.10.10"]
[SourceVersion "1"]
[SourceVersionDate "2018.10.10"]
[SourceQuality "1"]
[WhiteTeam "Ulm Post"]
[BlackTeam "Rommelshausen"]
[WhiteTeamCountry "GER"]
[BlackTeamCountry "GER"]

1. e4 e5 2. Nf3 Nc6 3. d4 exd4 4. c3 d5 5. exd5 Qxd5 6. cxd4 Bb4+ 7. Nc3 Bg4 8. Be2 Nf6 9. 0-0 Qd7 10. Ne5 Nxe5 11. dxe5 Qxd1 12. Bxd1 Bxd1 13. exf6 Bxc3 14. bxc3 Bg4 15. fxg7 Rg8 16. Re1+ Be6 17. Bh6 Ke7 18. Re3 Rad8 19. f4 Kf6 20. Bg5+ Kxg7 21. Bxd8 Rxd8 22. Rb1 b6 23. Rb2 Kf6 24. h3 Kf5 25. Rf2 Rd1+ 26. Kh2 Ra1 27. g4+ Kf6 28. g5+ Kg6 29. Ree2 Rc1 30. Rc2 Rd1 31. Rcd2 Rc1 32. Rf3 Ra1 33. h4 Kf5 34. Kg3 Rg1+ 35. Kf2 Rh1 36. Ke3 Rxh4 37. a3 h6 38. gxh6 Rxh6 39. Rd8 Rh1 40. Rd2 Ra1 41. Rh2 Rxa3 42. Rh5+ Kf6 43. Kf2 Ra2+ 44. Kg3 Rd2 45. Re3 a5 46. Rh8 Rd1 47. Ra8 Rg1+ 48. Kf2 Rg4 49. Kf3 Rg7 50. Re5 Rh7 51. c4 Rh3+ 52. Kg2 Rd3 53. Ra7 c5 54. Ra6 Rb3 55. Rh5 Bxc4 56. Rxb6+ Rxb6 57. Rh6+ Kf5 58. Rxb6 Ke4 59. Rb7 a4 60. Ra7 Bb3 61. Rc7 Kd4 62. Kf2 a3 63. Ke2 a2 64. Ra7 Kc3 0-1

[Event "Oberliga Wuerttemberg 0809"]
[Site "Wuerttemberg"]
[Date "2009.03.01"]
[Round "7.4"]
[White "Zhou, Syang"]
[Black "Schulze, Andreas"]
[Result "0-1"]
[WhiteElo "2147"]
[BlackElo "2181"]
[PlyCount "72"]
[EventDate "2008.10.12"]
[EventType "team-tourn"]
[EventRounds "9"]
[EventCountry "GER"]
[SourceTitle "EXT 2019"]
[Source "ChessBase"]
[SourceDate "2018.10.10"]
[SourceVersion "1"]
[SourceVersionDate "2018.10.10"]
[SourceQuality "1"]
[WhiteTeam "Deizisau"]
[BlackTeam "Ulm Post"]
[WhiteTeamCountry "GER"]
[BlackTeamCountry "GER"]

1. e4 Nf6 2. e5 Nd5 3. d4 d6 4. c4 Nb6 5. exd6 cxd6 6. Nc3 g6 7. Be3 Bg7 8. Rc1 0-0 9. Nf3 Bg4 10. Be2 d5 11. c5 Nc8 12. b4 a6 13. a4 Nc6 14. b5 axb5 15. axb5 Na5 16. 0-0 e6 17. h3 Bxf3 18. Bxf3 Ne7 19. Qd3 Nf5 20. Ra1 Nc4 21. Rfb1 Qh4 22. Bg4 Nfxe3 23. fxe3 h5 24. Bf3 Nxe3 25. Ne2 Nf5 26. g4 Rxa1 27. Rxa1 Nxd4 28. Nxd4 Qg3+ 29. Kf1 Bxd4 30. Qxd4 Qxf3+ 31. Ke1 Qg3+ 32. Kd2 Qh2+ 33. Ke1 e5 34. Qa4 hxg4 35. hxg4 Qg1+ 36. Ke2 Qxc5 0-1